书目信息 |
| 题名: |
电磁场与电磁波理论
|
|
| 作者: | 徐立勤 , 曹伟 编著 | |
| 分册: | ||
| 出版信息: | 北京 科学出版社 2006 |
|
| 页数: | 12,326页 | |
| 开本: | 24cm | |
| 丛书名: | ||
| 单 册: | ||
| 中图分类: | O441.4 | |
| 科图分类: | ||
| 主题词: | 电磁场--高等学校--教材 , 电磁波--高等学校--教材 , 电磁场 , 电磁波 | |
| 电子资源: | ||
| ISBN: | 7-03-016373-7 | |
| 000 | 00921nam0 2200301 450 | |
| 001 | 003064986 | |
| 005 | 20070805104055.54 | |
| 010 | @a7-03-016373-7@dCNY26.00 | |
| 035 | @a003064986 | |
| 100 | @a20060124e20072006em y0chiy0110 ea | |
| 101 | 0 | @achi |
| 102 | @aCN@b110000 | |
| 105 | @ay z 000yy | |
| 106 | @ar | |
| 200 | 1 | @a电磁场与电磁波理论@Adian ci chang yu dian ci bo li lun@f徐立勤,曹伟编著@Fxu li qin, cao wei bian zhu |
| 210 | @a北京@c科学出版社@d2006@h2007重印 | |
| 215 | @a12,326页@d24cm | |
| 300 | @a高等院校教材 | |
| 330 | @a本书分为8章,内容包括矢量分析、宏观电磁现象的基本规律、静电场及其边值问题的解法等。 | |
| 606 | 0 | @a电磁场@x高等学校@j教材 |
| 606 | 0 | @a电磁波@x高等学校@j教材 |
| 606 | 0 | @a电磁场 |
| 606 | 0 | @a电磁波 |
| 690 | @aO441.4@v4 | |
| 701 | 0 | @a徐立勤@Axu li qin@4编著 |
| 701 | 0 | @a曹伟@Acao wei@c(电磁学)@4编著 |
| 801 | 0 | @aCN@bNLC@c20070805 |
| 905 | @dO441.4@e119@f5 | |
| 电磁场与电磁波理论/徐立勤,曹伟编著.-北京:科学出版社,2006(2007重印) |
| 12,326页;24cm |
| 高等院校教材 |
| ISBN 7-03-016373-7:CNY26.00 |
| 本书分为8章,内容包括矢量分析、宏观电磁现象的基本规律、静电场及其边值问题的解法等。 |
| ● |
| 相关链接 |
|
|
|
|
正题名:电磁场与电磁波理论
索取号:O441.4/119
 
预约/预借
| 序号 | 登录号 | 条形码 | 馆藏地/架位号 | 状态 | 备注 |
| 1 | 0852473 | 208524738 | 第二样本阅览室/ [索取号:O441.4/119] | 在馆 | |
| 2 | 0852474 | 208524747 | 第三借阅区/ [索取号:O441.4/119] | 在馆 | |
| 3 | 0852475 | 208524756 | 第三借阅区/ [索取号:O441.4/119] | 在馆 | |
| 4 | 0852476 | 208524765 | 第三借阅区/ [索取号:O441.4/119] | 在馆 | |
| 5 | 0852477 | 208524774 | 第三借阅区/ [索取号:O441.4/119] | 在馆 |